| 000 | 00378pam a2200145 a 4500 | ||
|---|---|---|---|
| 020 |
_a978-81-224-3323-4 _c |
||
| 041 | _h | ||
| 082 | _a518.6 | ||
| 100 |
_aJain M.K. & Iyengar S.R.K. _eAuthor |
||
| 245 |
_aNumerical Methods _cJain M.K. & Iyengar S.R.K. _hTextual Documents |
||
| 250 | _a6th Ed. | ||
| 260 |
_bNew Age Omtermatopmal Pub. _c2012 |
||
| 300 | _a722 | ||
| 930 | _a827 | ||
| 999 |
_c244897 _d244897 |
||